Tropical soils: classification, fertility and management. / (Record no. 2315)

MARC details
000 -LEADER
fixed length control field 01060nam a22001577a 4500
008 - FIXED-LENGTH DATA ELEMENTS--GENERAL INFORMATION
fixed length control field 120910t xxu||||| |||| 00| 0 eng d
050 ## - LIBRARY OF CONGRESS CALL NUMBER
Classification number S599.9.T76 K34
100 ## - MAIN ENTRY--PERSONAL NAME
Personal name Kalpage, F.S.C.P.
245 ## - TITLE STATEMENT
Title Tropical soils: classification, fertility and management. /
Statement of responsibility, etc. F.S.C.P. Kalpage
260 ## - PUBLICATION, DISTRIBUTION, ETC.
Place of publication, distribution, etc. New York:
Name of publisher, distributor, etc. St. Martins Press,
Date of publication, distribution, etc. c1974.
300 ## - PHYSICAL DESCRIPTION
Extent 281 p.:
Other physical details ill.;
Dimensions 24cm.
500 ## - GENERAL NOTE
General note Includes index.
505 ## - FORMATTED CONTENTS NOTE
Formatted contents note Contents: The Tropical environment -- Factors affecting soil formation -- Processes of soil formation -- Classification of tropical soils -- Profile features and fertility characteristics of the great soil groups -- Physical properties -- Nutrient supply: macro and secondary nutrients -- Nutrient supply: micronutrients -- Soil organic matter and soil organisms -- Soil use in the tropics -- Soil under shifting cultivation -- Soil under intensive upland arable cropping -- Flooded rice soils -- Plantation soils -- Tropical grassland soils -- Fertilizers in tropical soil fertility -- Glossary.
650 ## - SUBJECT ADDED ENTRY--TOPICAL TERM
Topical term following geographic name entry element Soils
General subdivision Tropics.
942 ## - ADDED ENTRY ELEMENTS (KOHA)
Source of classification or shelving scheme Library of Congress Classification
Koha item type Books
Holdings
Withdrawn status Lost status Source of classification or shelving scheme Damaged status Not for loan Home library Current library Shelving location Date acquired Total Checkouts Full call number Barcode Date last seen Price effective from Koha item type
    Library of Congress Classification     WISCONSIN INTERNATIONAL UNIVERSITY COLLEGE, GHANA - MAIN LIBRARY WISCONSIN INTERNATIONAL UNIVERSITY COLLEGE, GHANA - MAIN LIBRARY General Stacks 10/09/2012   S599.9.T76 K34 5949/12 10/09/2012 10/09/2012 Books

If you have any concerns or questions; kindly contact the library


© Powered by WIUC ICT DIRECTORATE